00467nam a2200145Ia 4500003000900000008004100009020001800050040001600068080001700084100002300101245009900124260004200223300001500265650004100280IN-BaIIA211028s9999 xx 000 0 eng d a0-19-853967-3 cIIA Library a(038)52bMIT aMitton, Jacqueline 2aA concise dictionary of astronomycJacqueline Mitton  aOxfordbOxford University Pressc1991 avii, 423p. aAstronomy and Astrophysics Thesaurus